[Event "DEN-ch sf3"]
[Site "Svendborg"]
[Date "2024.03.29"]
[Round "5"]
[White "Stovring, Claus"]
[Black "Damgaard Poulsen, Albert"]
[Result "1/2-1/2"]
[WhiteElo "2002"]
[BlackElo "1707"]
[PlyCount "87"]
[EventDate "2024.03.29"]
[EventType "swiss"]
[EventRounds "5"]
[EventCountry "DEN"]
[SourceTitle "CB16_2024"]
[SourceDate "2024.04.17"]
[SourceVersion "1"]
[SourceVersionDate "2024.04.17"]
[SourceQuality "1"]

1. e4 c5 2. Nf3 g6 3. g3 Bg7 4. Bg2 Nc6 5. 0-0 d6 6. c3 e5 7. Re1 Nge7 8. d3 0-0 9. Be3 f5 10. Qb3+ Kh8 11. Ng5 Qe8 12. f4 h6 13. Ne6 Na5 14. Nxg7 Nxb3 15. Nxe8 Nxa1 16. Na3 Rxe8 17. Rxa1 Rd8 18. Nc4 Nc6 19. fxe5 dxe5 20. Bxh6 Rxd3 21. Bf1 Rd7 22. Bg5 Kg7 23. Ne3 Ne7 24. Bb5 Rc7 25. Bc4 b5 26. Bxb5 Rb8 27. Bd3 fxe4 28. Bc4 Rxb2 29. Rf1 Nf5 30. Nd5 Rc6 31. g4 Nd6 32. Bf6+ Kh7 33. Bb3 Bxg4 34. Bxe5 Bf3 35. Re1 Ne8 36. Ne7 Rb6 37. Bg8+ Kh6 38. Bf7 Rb1 39. Rxb1 Rxb1+ 40. Kf2 Rb2+ 41. Kg3 Ng7 42. Ng8+ Kh7 43. Nf6+ Kh6 44. Ng8+ 1/2-1/2

[Event "Helsingor Xtracon op"]
[Site "Helsingor"]
[Date "2019.07.21"]
[Round "2"]
[White "Jacobsen, Mikkel Manosri"]
[Black "Stovring, Claus"]
[Result "1-0"]
[WhiteElo "2343"]
[BlackElo "2036"]
[PlyCount "83"]
[EventDate "2019.07.20"]
[EventType "swiss"]
[EventRounds "10"]
[EventCountry "DEN"]
[SourceTitle "CBM 191 Extra"]
[Source "ChessBase"]
[SourceDate "2019.09.30"]
[SourceVersion "1"]
[SourceVersionDate "2019.09.30"]
[SourceQuality "1"]

1. d4 Nf6 2. c4 g6 3. Nf3 Bg7 4. Nc3 0-0 5. Bg5 d6 6. e3 h6 7. Bh4 c5 8. d5 g5 9. Bg3 Nh5 10. Bd3 e6 11. Nd2 Nxg3 12. hxg3 f5 13. g4 Na6 14. dxe6 Bxe6 15. gxf5 Bxf5 16. Bxf5 Rxf5 17. Nd5 Qf8 18. Qc2 Re8 19. Nf1 Qf7 20. Ng3 Rxd5 21. cxd5 Nb4 22. Qb3 Bxb2 23. Rd1 Be5 24. Ne4 Qg6 25. f3 g4 26. Rd2 Bg7 27. Rf1 Re7 28. Nxc5 Rc7 29. Ne6 Nc2+ 30. Kf2 g3+ 31. Ke2 Rc3 32. Qxb7 Rxe3+ 33. Kd1 Rxe6 34. dxe6 Ne3+ 35. Ke2 Qxe6 36. Qe4 Qxe4 37. fxe4 Nxf1 38. Kxf1 Be5 39. Rc2 Bd4 40. Rc7 h5 41. Ke2 Be5 42. Rxa7 1-0

[Event "Aarhus-ch"]
[Site "Aarhus"]
[Date "2019.02.15"]
[Round "3"]
[White "Stovring, Claus"]
[Black "Vinter Schou, Uffe"]
[Result "0-1"]
[WhiteElo "2023"]
[BlackElo "2347"]
[PlyCount "60"]
[EventDate "2019.02.14"]
[EventType "swiss"]
[EventRounds "7"]
[EventCountry "DEN"]
[SourceTitle "EXT 2021"]
[Source "ChessBase"]
[SourceDate "2020.10.23"]
[SourceVersion "1"]
[SourceVersionDate "2020.10.23"]
[SourceQuality "1"]

1. e4 c5 2. Nf3 Nc6 3. Bb5 g6 4. 0-0 Bg7 5. Re1 e5 6. c3 Nge7 7. d4 cxd4 8. cxd4 exd4 9. Nbd2 0-0 10. Nb3 Qb6 11. Bc4 d6 12. Bg5 Re8 13. Bd5 Bg4 14. Qd2 Bxf3 15. gxf3 Ne5 16. Kg2 Nxd5 17. exd5 Nc4 18. Rxe8+ Rxe8 19. Re1 Re5 20. Qc1 Qb5 21. Rxe5 Bxe5 22. Bh6 Bg7 23. Bxg7 Kxg7 24. Qg5 h6 25. Qf4 Qxd5 26. h4 d3 27. Nd2 Nxd2 28. Qxd2 Qc4 29. Kg3 Qc2 30. Qe3 d2 0-1

[Event "Gdansk op 14th"]
[Site "Gdansk"]
[Date "2012.07.28"]
[Round "8"]
[White "Stovring, Claus"]
[Black "Zielinski, Wojciech"]
[Result "1-0"]
[WhiteElo "2013"]
[BlackElo "2122"]
[PlyCount "44"]
[EventDate "2012.07.22"]
[EventType "swiss"]
[EventRounds "9"]
[EventCountry "POL"]
[SourceTitle "CBM 149 Extra"]
[Source "ChessBase"]
[SourceDate "2012.08.24"]
[SourceVersion "1"]
[SourceVersionDate "2012.08.24"]
[SourceQuality "1"]

1. e4 e6 2. d4 d5 3. e5 c5 4. c3 Nc6 5. Nf3 f6 6. Bd3 Qb6 7. 0-0 cxd4 8. cxd4 Bd7 9. Nc3 fxe5 10. dxe5 0-0-0 11. Be3 d4 12. Na4 Qa5 13. Bg5 b5 14. Bxd8 Kxd8 15. Be4 Qxa4 16. Bxc6 Qxd1 17. Rfxd1 Bxc6 18. Nxd4 Be8 19. Nxe6+ Ke7 20. Nf4 g5 21. Nd5+ Ke6 22. Rac1 Ne7 1-0

[Event "Gdansk op 14th"]
[Site "Gdansk"]
[Date "2012.07.27"]
[Round "7"]
[White "Piesik, Piotr"]
[Black "Stovring, Claus"]
[Result "0-1"]
[WhiteElo "2226"]
[BlackElo "2013"]
[PlyCount "58"]
[EventDate "2012.07.22"]
[EventType "swiss"]
[EventRounds "9"]
[EventCountry "POL"]
[SourceTitle "CBM 149 Extra"]
[Source "ChessBase"]
[SourceDate "2012.08.24"]
[SourceVersion "1"]
[SourceVersionDate "2012.08.24"]
[SourceQuality "1"]

1. Nf3 Nf6 2. g3 g6 3. Bg2 Bg7 4. d4 0-0 5. 0-0 d6 6. Nbd2 Nbd7 7. e4 e5 8. dxe5 dxe5 9. Qe2 b6 10. Nc4 Qe7 11. b3 Ne8 12. Ba3 Nd6 13. Qd1 Nc5 14. Bxc5 bxc5 15. Qd5 Ba6 16. Qxc5 Qe6 17. Nfd2 Rfd8 18. Rfd1 Nxc4 19. Nxc4 Bf8 20. Qxc7 Rdc8 21. Qd7 Bxc4 22. bxc4 Qxc4 23. Rab1 Qxa2 24. Rb7 Rxc2 25. Qd5 Rxf2 26. Qxa2 Rxa2 27. Bf1 Rc8 28. Rdd7 Rcc2 29. Rb8 Kg7 0-1

[Event "Gdansk op 14th"]
[Site "Gdansk"]
[Date "2012.07.25"]
[Round "5"]
[White "Pioch, Zygmunt"]
[Black "Stovring, Claus"]
[Result "1-0"]
[WhiteElo "2120"]
[BlackElo "2013"]
[PlyCount "85"]
[EventDate "2012.07.22"]
[EventType "swiss"]
[EventRounds "9"]
[EventCountry "POL"]
[SourceTitle "CBM 149 Extra"]
[Source "ChessBase"]
[SourceDate "2012.08.24"]
[SourceVersion "1"]
[SourceVersionDate "2012.08.24"]
[SourceQuality "1"]

1. e4 e5 2. Nf3 Nf6 3. Nxe5 d6 4. Nf3 Nxe4 5. c4 Be7 6. d4 0-0 7. Bd3 Ng5 8. Be3 Nc6 9. Nbd2 Re8 10. h3 Bf6 11. 0-0 d5 12. cxd5 Qxd5 13. Nxg5 Bxg5 14. Qh5 Rxe3 15. Qxh7+ Kf8 16. Bc4 Rxh3 17. gxh3 Qxd4 18. Nf3 Qf6 19. Rfe1 Be6 20. Qh8+ Ke7 21. Qh5 Bf4 22. Bxe6 fxe6 23. Qg4 Be5 24. Qg5 Nd4 25. Qxf6+ gxf6 26. Nxd4 Bxd4 27. Rac1 c5 28. b4 Rg8+ 29. Kf1 b6 30. bxc5 bxc5 31. Rc4 Rh8 32. Ra4 Ra8 33. Rb1 Kd6 34. Ra6+ Kd5 35. Rb7 c4 36. Rd7+ Ke5 37. f4+ Ke4 38. Rxe6+ Kf3 39. Rxd4 Rb8 40. Rxc4 Rb1+ 41. Re1 Rb2 42. Rc3+ Kxf4 43. Re2 1-0

[Event "Baltic Sea Cup"]
[Site "Ronne"]
[Date "2007.08.03"]
[Round "6.32"]
[White "Palvig, David Kinch"]
[Black "Stovring, Claus"]
[Result "0-1"]
[WhiteElo "1750"]
[BlackElo "2089"]
[PlyCount "92"]
[EventDate "2007.07.30"]
[EventType "swiss"]
[EventRounds "9"]
[EventCountry "DEN"]
[SourceTitle "EXT 2023"]
[Source "ChessBase"]
[SourceDate "2022.10.05"]
[SourceVersion "1"]
[SourceVersionDate "2022.10.05"]
[SourceQuality "1"]

1. d4 Nf6 2. Bf4 g6 3. e3 Bg7 4. Nf3 0-0 5. Bd3 c5 6. c3 d6 7. Nbd2 Nc6 8. 0-0 e5 9. Bg3 cxd4 10. cxd4 exd4 11. Nxd4 Nh5 12. Nxc6 bxc6 13. Rc1 Nxg3 14. hxg3 Bd7 15. b3 d5 16. Nf3 Re8 17. Rc2 a5 18. Nd4 Qb6 19. Be2 Re7 20. Bf3 Rae8 21. Qd2 c5 22. Ne2 d4 23. exd4 cxd4 24. Nf4 Bh6 25. Nd5 Bxd2 26. Nxb6 Bb5 27. Nc4 Bh6 28. Nd6 Bxf1 29. Nxe8 Rxe8 30. Kxf1 d3 31. Rb2 Rc8 32. Rb1 d2 33. Rd1 Rc2 34. a4 Bf8 35. Ke2 Bb4 36. Bd5 Rc5 37. Bf3 Kg7 38. Kf1 Kf6 39. Be2 Ke5 40. f3 Kd4 41. Kf2 Kc3 42. Rh1 Re5 43. Rxh7 Bc5+ 44. Kf1 Kc2 45. Rh1 d1Q+ 46. Bxd1+ Kxd1 0-1

[Event "North Sea Cup 22nd"]
[Site "Esbjerg"]
[Date "2007.07.17"]
[Round "7"]
[White "Nilsson, Jonas"]
[Black "Stovring, Claus"]
[Result "0-1"]
[WhiteElo "1995"]
[BlackElo "2086"]
[PlyCount "82"]
[EventDate "2007.07.13"]
[EventType "swiss"]
[EventRounds "10"]
[EventCountry "DEN"]
[SourceTitle "CBM 119 Extra"]
[Source "ChessBase"]
[SourceDate "2007.09.04"]
[SourceVersion "1"]
[SourceVersionDate "2007.09.04"]
[SourceQuality "1"]

1. b4 c6 2. c4 d5 3. e3 Nf6 4. Bb2 Bf5 5. Nf3 e6 6. a3 Nbd7 7. Be2 Be7 8. Nc3 0-0 9. 0-0 a5 10. b5 Nb6 11. bxc6 bxc6 12. Nd4 Qc7 13. Nxf5 exf5 14. Qc2 Bd6 15. Qxf5 Rfe8 16. cxd5 Bxh2+ 17. Kh1 Nc4 18. Qh3 Nxb2 19. Qxh2 Qxh2+ 20. Kxh2 cxd5 21. Ra2 Nc4 22. Rc1 Ne5 23. d4 Neg4+ 24. Kg3 h5 25. Bxg4 hxg4 26. Nb5 Rab8 27. a4 Rb6 28. Rac2 Ne4+ 29. Kxg4 Ree6 30. Rc8+ Kh7 31. Rh1+ Kg6 32. f4 Nf2+ 33. Kf3 Nxh1 34. g4 f5 35. gxf5+ Kxf5 36. Nc7 Rb2 37. Rf8+ Rf6 38. Rxf6+ gxf6 39. e4+ dxe4+ 40. Ke3 Rb3+ 41. Ke2 Ng3+ 0-1

[Event "North Sea Cup 22nd"]
[Site "Esbjerg"]
[Date "2007.07.15"]
[Round "5"]
[White "Matras, Ondrej"]
[Black "Stovring, Claus"]
[Result "0-1"]
[WhiteElo "2218"]
[BlackElo "2086"]
[PlyCount "106"]
[EventDate "2007.07.13"]
[EventType "swiss"]
[EventRounds "10"]
[EventCountry "DEN"]
[SourceTitle "CBM 119 Extra"]
[Source "ChessBase"]
[SourceDate "2007.09.04"]
[SourceVersion "1"]
[SourceVersionDate "2007.09.04"]
[SourceQuality "1"]

1. b3 e5 2. Bb2 Nc6 3. e3 Nf6 4. Nf3 d6 5. Be2 Be7 6. d4 e4 7. Nfd2 Bf5 8. Nc3 d5 9. h3 a6 10. g4 Be6 11. Nf1 Bd6 12. Qd2 Qe7 13. a3 Nd7 14. f4 exf3 15. Bxf3 Nb6 16. Qg2 0-0-0 17. Kd2 Rhe8 18. Ne2 f5 19. g5 Qf7 20. Nf4 Bxf4 21. exf4 Ne7 22. Kc1 Ng6 23. Qd2 Bd7 24. h4 Re6 25. h5 Nf8 26. Kb1 Rde8 27. Ka2 Qe7 28. Bc3 Bb5 29. Ng3 g6 30. Bb4 Qd7 31. Rae1 Qc6 32. Rxe6 Nxe6 33. Re1 Kb8 34. Re5 Ka7 35. Bc5 Nxc5 36. dxc5 Qxc5 37. Nxf5 Rxe5 38. fxe5 gxf5 39. g6 hxg6 40. hxg6 Be8 41. Bh5 Qe7 42. Qd4 Qg7 43. a4 Kb8 44. a5 Nc8 45. Qxd5 Bxg6 46. Qg2 Qxe5 47. Qxg6 Qxa5+ 48. Kb2 Qe5+ 49. Ka2 Nd6 50. c4 Ne4 51. Qe8+ Qxe8 52. Bxe8 f4 53. Bh5 Nd2 0-1

[Event "Pula op 19th"]
[Site "Pula"]
[Date "2005.06.19"]
[Round "1"]
[White "Stovring, Claus"]
[Black "Ljubicic, Filip"]
[Result "0-1"]
[WhiteElo "2039"]
[BlackElo "2407"]
[PlyCount "54"]
[EventDate "2005.06.19"]
[EventType "swiss"]
[EventRounds "9"]
[EventCountry "CRO"]
[SourceTitle "CBM 106 Extra"]
[Source "ChessBase"]
[SourceDate "2005.07.01"]
[SourceVersion "1"]
[SourceVersionDate "2005.07.01"]
[SourceQuality "1"]

1. e4 c5 2. Nf3 e6 3. Nc3 Nc6 4. Bb5 Nge7 5. d4 cxd4 6. Nxd4 a6 7. Nxc6 bxc6 8. Ba4 Ng6 9. 0-0 Bc5 10. Qh5 Ba7 11. Kh1 0-0 12. f4 f5 13. Bb3 d5 14. Rf3 fxe4 15. Rh3 Qf6 16. Bd2 h6 17. Rf1 Ne7 18. Rg3 Nf5 19. Rg6 Qf7 20. g4 Ne7 21. Rxh6 gxh6 22. Qxh6 Qg7 23. Qh5 Bd7 24. Ne2 Qg6 25. Qh4 Rf7 26. Bc3 Rh7 27. Qg3 Rf8 0-1

[Event "Aarhus CC 100 Anniv op"]
[Site "Aarhus"]
[Date "2003.08.31"]
[Round "3"]
[White "Stovring, Claus"]
[Black "Fries Nielsen, Jens Ove"]
[Result "0-1"]
[WhiteElo "2068"]
[BlackElo "2453"]
[PlyCount "68"]
[EventDate "2003.08.??"]
[EventType "swiss"]
[EventRounds "7"]
[EventCountry "DEN"]
[SourceTitle "EXT 2006"]
[Source "ChessBase"]
[SourceDate "2005.11.24"]
[SourceVersion "1"]
[SourceVersionDate "2005.11.24"]
[SourceQuality "1"]

1. e4 c5 2. Nf3 e6 3. b4 cxb4 4. d4 d5 5. e5 Nc6 6. Bd3 Nge7 7. a3 Nf5 8. Bxf5 exf5 9. axb4 Bxb4+ 10. c3 Be7 11. h4 Be6 12. Ng5 h6 13. Nxe6 fxe6 14. g4 Rf8 15. g5 hxg5 16. hxg5 Kd7 17. Qb3 b6 18. Ba3 Bxa3 19. Qxa3 Qe7 20. Qa6 Rac8 21. Na3 Kc7 22. Nb5+ Kb8 23. Nd6 Rcd8 24. Ke2 Rxd6 25. exd6 Qxd6 26. Qa3 Qd8 27. Rh7 Rg8 28. Rah1 e5 29. dxe5 Nxe5 30. R1h6 Nc4 31. Qa6 Re8+ 32. Kd3 Qe7 33. Kc2 Qe2+ 34. Kb3 Nd2+ 0-1

[Event "Genova op 7th"]
[Site "Genova"]
[Date "2003.08.06"]
[Round "6"]
[White "Esposito, Luca"]
[Black "Stovring, Claus"]
[Result "0-1"]
[WhiteElo "2202"]
[BlackElo "2068"]
[PlyCount "90"]
[EventDate "2003.08.02"]
[EventType "swiss"]
[EventRounds "9"]
[EventCountry "ITA"]
[SourceTitle "CBM 095 Extra"]
[Source "ChessBase"]
[SourceDate "2003.09.04"]
[SourceVersion "1"]
[SourceVersionDate "2003.09.04"]
[SourceQuality "1"]

1. d4 Nf6 2. c4 g6 3. Nc3 Bg7 4. e4 d6 5. f3 0-0 6. Be3 Nc6 7. Nge2 a6 8. Qd2 Rb8 9. Rc1 Nd7 10. g3 e5 11. d5 Ne7 12. Bg2 b6 13. 0-0 f5 14. b4 Kh8 15. Na4 Nf6 16. h3 Bd7 17. Nb2 Neg8 18. c5 bxc5 19. bxc5 Bb5 20. Nc4 Bxc4 21. Rxc4 Nh5 22. g4 fxg4 23. fxg4 Rxf1+ 24. Bxf1 Nf4 25. Nxf4 exf4 26. Bxf4 Qf8 27. cxd6 cxd6 28. Rc6 Rb2 29. Qc1 g5 30. e5 Rxa2 31. Rc8 Qxf4 32. Qxf4 gxf4 33. exd6 Bd4+ 34. Kh1 Rf2 35. Bc4 Kg7 36. d7 Bb6 37. d6 Nf6 38. d8Q Bxd8 39. Rxd8 Rc2 40. Bxa6 Ne4 41. d7 Rd2 42. Bc4 Kh6 43. Be6 f3 44. Rf8 Ng3+ 45. Kg1 Rg2# 0-1

[Event "Aarhus Festuge"]
[Site "Aarhus"]
[Date "2001.08.31"]
[Round "1"]
[White "Stovring, Claus"]
[Black "Jensen, Jacob Bjerre"]
[Result "0-1"]
[WhiteElo "2056"]
[BlackElo "2167"]
[PlyCount "42"]
[EventDate "2001.08.??"]
[EventType "tourn"]
[EventRounds "7"]
[EventCountry "DEN"]
[SourceTitle "EXT 2005"]
[Source "ChessBase"]
[SourceDate "2004.11.15"]
[SourceVersion "1"]
[SourceVersionDate "2004.11.15"]
[SourceQuality "1"]

1. e4 e6 2. d4 d5 3. e5 c5 4. c3 Nc6 5. Be3 Qb6 6. Qd2 Bd7 7. dxc5 Bxc5 8. Bxc5 Qxc5 9. Nf3 f6 10. Bd3 0-0-0 11. exf6 Nxf6 12. b4 Qd6 13. 0-0 e5 14. Re1 Rde8 15. b5 Nd8 16. Bf1 e4 17. Nd4 Ng4 18. g3 Rhf8 19. c4 Rxf2 20. Qc3 Rxh2 21. cxd5+ Kb8 0-1